000 00531nam a2200145 a 4500
001 000039783
005 20201002033730.0
008 130719s1963 sp ac 000 0 spa d
040 _aDO-SdBNP
_bspa
_cBNPHU
100 1 _aMarfredi Cano, Domingo
_965980
245 1 0 _aRutas de España :.
260 _aMadrid :
_bpublicaciones españolas,
_c1963.
300 _a109 p. :
_bil., retrs ;
_c22 cm.
505 0 _gRuta no. 1 --
_tMálaga --
_tGranada --
_tJaen --
_tCórdoba --
_gRuta no. 2 --
_tSevilla --
_tHuelva --
_tJerez de la frontera --
_tCádiz
999 _c39273
_d39273